[Event "Challenge"]
[Site "http://www.queenalice.com/game.php?id=543278"]
[Date "2009.2.20"]
[Round "-"]
[White "dotromundo"]
[Black "aldebaran"]
[Result "0-1"]
[WhiteElo "1804"]
[BlackElo "2057"]

1. Nf3 d5 2. e3 c6 3. d4 e6 4. a3 f5 5. b4 Nf6 6. Ne5 Bd6 7. h3 Nbd7 8. Ng4 fxg4
9. b5 cxb5 10. hxg4 Ne4 11. Bd3 Ndf6 12. O-O a6 13. Bb2 Bc7 14. f4 Ng3 15. Rf3
Nfe4 16. Bxe4 Nxe4 17. g5 e5 18. dxe5 Bg4 19. Nc3 Bxf3 20. Qxf3 Nd2 21. Qh5+ g6
22. Qh6 Bb6 23. Qg7 Bxe3+ 24. Kh1 Rf8 25. Qxh7 Qe7 26. Qxe7+ Kxe7 27. Nxd5+ Ke6
28. Nxe3 Rxf4 29. g3 Rh8+ 30. Kg2 Re4 31. Bc3 Rxe3 32. Bxd2 Re2+ 33. Kf3 Rxd2
34. Rc1 Kxe5 35. Re1+ Kd6 36. c3 Rd3+ 37. Kg4 Rxc3 38. Rd1+ Kc6 39. Kf4 Rxa3 40.
Ke5 Rxg3 41. Kf6 Rf3+ 42. Kg7 Rhf8 43. Rc1+ Kb6 44. Rd1 Rc8 45. Kxg6 Rg8+ 46.
Kh5 Rf5 47. Rd6+ Kc7 48. Rg6 Rxg6 49. Kxg6 Rf1 50. Kh5 Rg1 51. g6 b4 52. Kh6 b3
53. g7 Rxg7 54. Kxg7 b2 0-1

[Event "Challenge"]
[Site "http://www.queenalice.com/game.php?id=556702"]
[Date "2009.3.16"]
[Round "-"]
[White "dotromundo"]
[Black "matamuff"]
[Result "1-0"]
[WhiteElo "1859"]
[BlackElo "1817"]

1. Nf3 b6 2. e4 Bb7 3. e5 c5 4. a3 e6 5. b4 cxb4 6. axb4 Bxb4 7. c4 a5 8. Bd3
Nh6 9. O-O Qc7 10. h3 Nc6 11. Ng5 Nxe5 12. Bb2 O-O-O 13. Qh5 Nxd3 14. Bxg7 Nf4
15. Qxh6 Qc6 16. f3 Ne2+ 17. Kf2 Qxc4 18. Nxf7 Bc5+ 19. Ke1 Qc1+ 20. Kxe2 Ba6+
21. d3 Qc2+ 22. Qd2 Bxd3+ 23. Ke1 Qxd2+ 24. Nxd2 Bxf1 25. Bxh8 Rxh8 26. Nxh8 Bd4
27. Rc1+ Kb7 28. Nf7 Bxg2 29. Nd6+ Ka6 30. h4 Be3 31. Rc8 Ka7 32. N2c4 Bc5 33.
Nb5+ Ka6 34. Nc7+ Kb7 35. Rg8 Bxf3 36. Ne8 Bd5 37. Ne5 Bc6 38. Nc4 d5 39. Rg7+
Kb8 40. Ne5 Bb5 41. Nc7 Bb4+ 42. Kf2 Bc5+ 43. Kf3 Bd4 44. Kf4 Bc4 45. Nc6+ 1-0

[Event "Challenge"]
[Site "http://www.queenalice.com/game.php?id=557332"]
[Date "2009.3.17"]
[Round "-"]
[White "ECAoCRUEL"]
[Black "dotromundo"]
[Result "1-0"]
[WhiteElo "1943"]
[BlackElo "1873"]

1. d4 d5 2. c4 c6 3. Nf3 h6 4. e3 Nf6 5. h3 Ne4 6. Nbd2 Qa5 7. Bd3 Nd7 8. O-O b6
9. Nb3 Qb4 10. a3 Qd6 11. Nbd2 Ndf6 12. Ne5 Bb7 13. Qf3 c5 14. cxd5 Ng5 15. Qg3
a6 16. Ndc4 Qxd5 17. Nxb6 Qd8 18. Nxa8 e6 19. Nb6 Qxb6 20. Nc4 Qd8 21. Bd2 Nfe4
22. Bxe4 Nxe4 23. Qg4 cxd4 24. Rad1 d3 25. f3 Nf6 26. Qg3 Be7 27. Qxg7 Rg8 28.
Qxh6 Qc7 29. Qf4 Qc8 30. Bb4 Nd5 31. Bxe7 Kxe7 32. Qd6+ Ke8 33. Rc1 Qa8 34. e4
Qa7+ 35. Kh2 d2 36. Nxd2 Ne3 37. Rg1 Qa8 38. Rc7 Qd8 39. Qxd8+ Kxd8 40. Rxb7 Kc8
41. Rxf7 Kb8 42. g4 Rd8 43. Nb3 e5 44. Rc1 Rd3 45. Nc5 Rd2+ 46. Kg3 Rxb2 47.
Nxa6+ 1-0

[Event "Challenge"]
[Site "http://www.queenalice.com/game.php?id=557466"]
[Date "2009.3.17"]
[Round "-"]
[White "dotromundo"]
[Black "dutchgalego"]
[Result "0-1"]
[WhiteElo "1860"]
[BlackElo "1950"]

1. Nf3 d5 2. d4 c6 3. b4 Bf5 4. h3 e6 5. c3 Nf6 6. Nbd2 Nbd7 7. Nh4 Be4 8. Nhf3
Bd6 9. Ba3 Bxf3 10. exf3 a5 11. Nb3 axb4 12. Bxb4 Qc7 13. Bd3 O-O 14. a3 c5 15.
dxc5 Nxc5 16. Bc2 Nxb3 17. Rb1 Nc5 18. O-O Rfc8 19. Qd4 b6 20. Rfe1 Ncd7 21. Bd3
Bf4 22. Bc2 Be5 23. Qd3 Nc5 24. Qe3 Ncd7 25. Rb3 Bd6 26. Rc1 Ne5 27. Bxd6 Qxd6
28. f4 Nc4 29. Qd4 Rxa3 30. g3 Rxb3 31. Bxb3 h6 32. Re1 Ne4 33. Ra1 Ned2 34. Bd1
Qc5 35. Kg2 Qxd4 36. cxd4 b5 37. Ra7 Rb8 38. Bc2 b4 39. Ba4 b3 40. Re7 b2 41.
Bc2 Na3 42. Bd3 b1=Q 43. Bxb1 Naxb1 44. h4 Nb3 45. h5 Nxd4 46. g4 Nc3 47. g5
hxg5 48. fxg5 Ne4 49. g6 Ng5 50. Rc7 fxg6 51. hxg6 Nf5 52. Rc3 Nh4+ 53. Kh2 Nxg6
54. Rg3 Nh4 55. Rg4 Nhf3+ 56. Kg3 e5 57. Kg2 d4 58. Kg3 d3 0-1

[Event "Challenge"]
[Site "http://www.queenalice.com/game.php?id=558020"]
[Date "2009.3.18"]
[Round "-"]
[White "dotromundo"]
[Black "ECAoCRUEL"]
[Result "0-1"]
[WhiteElo "1859"]
[BlackElo "1961"]

1. e4 e5 2. Nf3 Nc6 3. a3 a6 4. b4 Nf6 5. d3 h6 6. Bb2 d6 7. h3 Be6 8. Nc3 d5 9.
d4 dxe4 10. dxe5 exf3 11. exf6 fxg2 12. Bxg2 Qxf6 13. Na4 Qe7 14. Qh5 Bg4+ 15.
Qe5 Nxe5 16. hxg4 Nc4+ 17. Kd1 O-O-O+ 18. Kc1 Qd7 19. Bc3 Qxa4 20. Be4 Bd6 21.
Bxg7 Bf4+ 22. Kb1 Nd2+ 23. Kb2 Rhg8 24. Bf5+ Kb8 25. Bf6 Nc4+ 26. Kc3 Qc6 27.
Bxd8 Be5+ 28. Kb3 Nd2+ 29. Ka2 Qc4# 0-1

[Event "Challenge"]
[Site "http://www.queenalice.com/game.php?id=558439"]
[Date "2009.3.19"]
[Round "-"]
[White "dotromundo"]
[Black "Enxadrista_A"]
[Result "0-1"]
[WhiteElo "1874"]
[BlackElo "1896"]

1. Nf3 d5 2. d4 Nf6 3. c4 dxc4 4. Qa4+ Nc6 5. Qxc4 e6 6. a3 Bd7 7. Nbd2 Bd6 8.
e4 Na5 9. Qc3 b6 10. e5 Nd5 11. Qc2 O-O 12. exd6 cxd6 13. Ne4 Rc8 14. Qd2 Nb3
15. Qd1 Nxa1 16. Bd2 Nc2+ 17. Qxc2 Rxc2 18. Nxd6 Qc7 19. Bd3 Rc1+ 20. Ke2 Rxh1
21. Ne4 Nf4+ 22. Bxf4 Qxf4 23. Ned2 Rc8 24. b3 Rcc1 25. g3 Qg4 26. Ke3 Bc6 27.
Be2 Rc3+ 28. Bd3 f5 29. Ne5 Re1# 0-1

[Event "Challenge"]
[Site "http://www.queenalice.com/game.php?id=577993"]
[Date "2009.4.26"]
[Round "-"]
[White "dotromundo"]
[Black "Ebbe"]
[Result "0-1"]
[WhiteElo "1848"]
[BlackElo "1854"]

1. Nf3 d5 2. d4 Nf6 3. h3 Bf5 4. e3 Nc6 5. g4 Be4 6. a3 e6 7. Nc3 g5 8. Nxe4
Nxe4 9. c4 h5 10. Qd3 Qf6 11. Bg2 O-O-O 12. c5 e5 13. O-O hxg4 14. hxg4 Qe6 15.
b4 Qxg4 16. Nh2 Qh5 17. Rd1 Qxh2+ 18. Kf1 Qh4 19. Qc2 f5 20. b5 Na5 21. b6 axb6
22. a4 bxc5 23. dxc5 Bxc5 24. Bb2 Nb3 25. Ra2 Na5 26. Bxe5 Rhe8 27. Bxe4 Bb6 28.
Bxf5+ Kb8 29. Qc3 Nc4 30. Bg3 Nxe3+ 31. Kg1 Nxd1 32. Qd2 Qxg3+ 33. Kf1 Nxf2 34.
a5 Ne4 35. Bxe4 Rf8+ 36. Ke2 Rf2+ 37. Kd1 Qg1+ 38. Kc2 Rxd2+ 39. Kxd2 dxe4+ 40.
Kc2 Qd1+ 41. Kc3 Qc1+ 42. Kb3 Rd3+ 0-1

[Event "Challenge"]
[Site "http://www.queenalice.com/game.php?id=585666"]
[Date "2009.5.9"]
[Round "-"]
[White "dotromundo"]
[Black "regoshk"]
[Result "0-1"]
[WhiteElo "1832"]
[BlackElo "2058"]

1. Nf3 Nf6 2. c4 e6 3. a3 d5 4. e3 c6 5. Nc3 Bd6 6. d4 O-O 7. c5 Bc7 8. Bd3 Nbd7
9. h3 b6 10. b4 Bb7 11. a4 e5 12. e4 Re8 13. b5 dxe4 14. Nxe4 exd4 15. Nd2 Nxc5
16. Qf3 Nxd3+ 17. Qxd3 Nxe4 18. Nxe4 Qh4 19. O-O Qxe4 20. Qd1 cxb5 21. f3 Qe5
22. f4 Qe2 23. g3 Qg2# 0-1

[Event "Challenge"]
[Site "http://www.queenalice.com/game.php?id=590999"]
[Date "2009.5.20"]
[Round "-"]
[White "dotromundo"]
[Black "Carl_Flemming"]
[Result "0-1"]
[WhiteElo "1843"]
[BlackElo "1965"]

1. Nf3 d5 2. d4 Bg4 3. Ne5 Bh5 4. g4 Bg6 5. Bg2 e6 6. a3 Bd6 7. b4 Ne7 8. Nc3 f6
9. Nd3 b6 10. g5 Nd7 11. Bf4 O-O 12. e4 e5 13. Be3 Rc8 14. exd5 Nf5 15. dxe5
Nxe5 16. h4 Nxd3+ 17. cxd3 Nxe3 18. fxe3 Bg3+ 19. Kd2 fxg5 20. Ne2 Rf2 21. Bh3
Ra8 22. h5 Be8 23. Kc1 Bh4 24. Nc3 Qf6 25. d4 Rf3 26. Ne4 Qf8 27. Bg4 Rxe3 28.
Rf1 Qe7 29. Be6+ Kh8 30. Qg4 Bxh5 31. Qxh5 Rxe4 32. Rf7 Qe8 33. Qf3 Rf4 34. Qh5
Rxf7 35. Bxf7 Qe3+ 36. Kc2 Be1 37. Qd1 Qc3+ 38. Kb1 Rf8 39. Bh5 Bd2 40. Be2 Be3
41. Ra2 Bxd4 42. Qh1 Qb3+ 43. Kc1 Qxa2 44. Qe4 Qb2+ 45. Kd1 Bc3 46. Qc2 Qxc2+
47. Kxc2 Rf2 48. Kd1 g6 49. b5 h5 50. a4 h4 51. Bg4 Rf4 52. Be6 g4 53. Kc2 Bd4
54. Kd3 h3 55. d6 cxd6 56. Ke2 h2 57. Bd5 g3 58. Kd3 Bc5 59. Ke2 Rf2+ 60. Ke1 g2
61. Bxg2 Rxg2 0-1

[Event "Challenge"]
[Site "http://www.queenalice.com/game.php?id=591877"]
[Date "2009.5.22"]
[Round "-"]
[White "dotromundo"]
[Black "The_Simple"]
[Result "0-1"]
[WhiteElo "1832"]
[BlackElo "1962"]

1. Nf3 g6 2. e4 Bg7 3. e5 d5 4. d4 c6 5. c4 Bg4 6. Nbd2 Nh6 7. h3 Be6 8. Ng5 Nd7
9. c5 Nf8 10. b4 Bd7 11. Qf3 f6 12. exf6 Bxf6 13. Nb3 Nf5 14. Bf4 h6 15. Ne4
dxe4 16. Qxe4 Ne6 17. Bd2 Qc7 18. Qg4 Ng5 19. Bd3 Nxd4 20. Bxg6+ Kd8 21. Qd1
Nxb3 22. Rb1 Nxd2 23. Qxd2 Qe5+ 24. Kd1 Ne4 25. f4 Nxd2 26. fxe5 Nxb1 27. exf6
Nc3+ 28. Kc2 Nd5 29. f7 Nxb4+ 30. Kb3 Nd5 31. Rd1 Rf8 32. Rd4 Be6 33. g4 Bxf7
34. Bd3 Kc7 35. Re4 Nf6+ 36. Kc3 Nxe4+ 37. Bxe4 Bxa2 38. Kb2 Rf4 39. Bd3 Rd8 40.
Bf5 Rd2+ 41. Kc3 Rh2 42. h4 Rh3+ 43. Bd3 Bc4 44. h5 Bxd3 45. g5 Bb5+ 46. Kd2
Rf2+ 47. Ke1 Rg2 0-1

[Event "Challenge"]
[Site "http://www.queenalice.com/game.php?id=592471"]
[Date "2009.5.23"]
[Round "-"]
[White "regoshk"]
[Black "dotromundo"]
[Result "1-0"]
[WhiteElo "2029"]
[BlackElo "1832"]

1. e4 e5 2. Nf3 Bd6 3. Bc4 Nf6 4. d4 Ng4 5. Bxf7+ Kxf7 6. Ng5+ Ke8 7. Qxg4 exd4
8. Nxh7 Rxh7 9. Qg6+ Kf8 10. Bg5 Be7 11. Bxe7+ Qxe7 12. Qxh7 Nc6 13. h4 d5 14.
Na3 Nb4 15. O-O-O Nxa2+ 16. Kb1 Nb4 17. exd5 Qf6 18. Rhe1 Nxd5 19. Qh8+ Kf7 20.
Qe8# 1-0

[Event "Challenge"]
[Site "http://www.queenalice.com/game.php?id=594992"]
[Date "2009.5.28"]
[Round "-"]
[White "dotromundo"]
[Black "Wino"]
[Result "0-1"]
[WhiteElo "1832"]
[BlackElo "1887"]

1. d4 Nf6 2. d5 e6 3. c4 Bc5 4. Nf3 O-O 5. a3 d6 6. b4 Bb6 7. Nc3 exd5 8. cxd5
a5 9. b5 Nbd7 10. e4 Qe8 11. Bd3 Nc5 12. O-O Ncxe4 13. Ng5 Nxc3 14. Qc2 g6 15.
Qxc3 Nxd5 16. Qc4 Qe5 17. Qh4 h5 18. Bd2 Qd4 19. Qg3 Bd7 20. Nxf7 Rxf7 21. Rad1
Bg4 22. Bxg6 Qxf2+ 23. Qxf2 Rxf2 24. Bh6 Rf6+ 25. Kh1 Bxd1 26. Bf5 Bc2 27. g4
Bxf5 28. Rxf5 Rxf5 29. gxf5 Kf7 30. Bg5 Rg8 31. h4 a4 32. Kh2 Nc3 33. Kg2 Nxb5
34. Kf3 Re8 35. Kg2 Nxa3 36. Kf3 d5 37. Bc1 Nc4 38. Bg5 Re4 39. Bd8 a3 40. f6 a2
0-1

[Event "Challenge"]
[Site "http://www.queenalice.com/game.php?id=605334"]
[Date "2009.6.17"]
[Round "-"]
[White "dotromundo"]
[Black "sh_sla"]
[Result "0-1"]
[WhiteElo "1818"]
[BlackElo "1880"]

1. Nc3 e5 2. e4 Bb4 3. Nd5 Bc5 4. b4 Bd4 5. c3 Bb6 6. Nf3 d6 7. Qa4+ Bd7 8. Qb3
Nf6 9. d3 Nxd5 10. exd5 Bg4 11. Qa4+ c6 12. Be2 O-O 13. O-O cxd5 14. b5 h5 15.
Bg5 f6 16. Bh4 g5 17. h3 Bxf3 18. Bxf3 gxh4 19. Bxd5+ Kg7 20. Qxh4 Rh8 21. Qg3+
Kf8 22. Bxb7 Rg8 23. Qf3 Nd7 24. Bxa8 Rg5 25. Bc6 Nc5 26. Rad1 Ne6 27. g3 f5 28.
h4 Rg6 29. Qxf5+ Qf6 30. Qe4 Rxg3+ 31. Kh2 Rg4 32. Qf3 Nf4 33. Qg3 Rxh4+ 34. Kg1
Ne2+ 35. Kg2 Rg4 36. Kh3 Nf4+ 37. Kh2 Rxg3 38. fxg3 Ke7 39. d4 Qf5 40. gxf4 Qc2+
41. Bg2 exf4 42. Rde1+ Kd7 43. Rxf4 Qxa2 44. Rh4 Qf7 45. Bc6+ Kc7 46. Ree4 Qf2+
47. Kh3 Qf3+ 48. Kh2 Qxc3 49. Re7+ Kc8 0-1

[Event "Challenge"]
[Site "http://www.queenalice.com/game.php?id=608851"]
[Date "2009.6.25"]
[Round "-"]
[White "pgrzelak"]
[Black "dotromundo"]
[Result "1/2-1/2"]
[WhiteElo "1825"]
[BlackElo "1832"]

1. e4 d6 2. d4 f5 3. Nc3 c6 4. Nf3 d5 5. exd5 cxd5 6. g3 Nc6 7. Bg2 Be6 8. O-O
h6 9. Bf4 g5 10. Be3 Bg7 11. Ne2 Nf6 12. c3 O-O 13. Ne5 Qe8 14. Nxc6 bxc6 15. f4
g4 16. Qa4 a5 17. Nc1 Bd7 18. Nd3 c5 19. Qc2 c4 20. Nc5 Bc8 21. b3 h5 22. bxc4
e6 23. cxd5 exd5 24. Rab1 Qxe3+ 25. Rf2 Qe8 26. Re2 Qc6 27. Nd3 Ba6 28. Ne5 Qc8
29. Ng6 Rf7 30. Re7 Ne4 31. Rxf7 Kxf7 32. Ne5+ Kf6 33. Rb6+ Ke7 34. Ng6+ Kf7 35.
Qa4 Qxc3 36. Qd7+ Kg8 37. Ne7+ Kf8 38. Ng6+ Kg8 39. Ne7+ Kh8 40. Ng6+ Kg8
1/2-1/2

[Event "Challenge"]
[Site "http://www.queenalice.com/game.php?id=622756"]
[Date "2009.7.22"]
[Round "-"]
[White "Standby"]
[Black "dotromundo"]
[Result "1-0"]
[WhiteElo "1856"]
[BlackElo "1792"]

1. d4 d5 2. c4 c6 3. e3 f5 4. Nf3 Nd7 5. Nc3 e6 6. Bd2 b6 7. Be2 Be7 8. cxd5
exd5 9. Bd3 g6 10. Qa4 b5 11. Qc2 Nb6 12. b3 Bd6 13. Nxd5 Nxd5 14. Qxc6+ Bd7 15.
Qxd6 1-0